| 000 | 01337nam0a2200349 i 4500 | ||
|---|---|---|---|
| 001 | RU\NLR\BIBL_A\011188134 | ||
| 005 | 20260405141408.0 | ||
| 010 |
_a9785835412020 _9500 |
||
| 021 |
_aRU _b2016-55246 _93508 |
||
| 035 | _a(NILC)RuMoRGB-008547282 | ||
| 035 | _a(NLR Aleph) 011188134 | ||
| 090 |
_a11853225 _c11853225 |
||
| 100 | _a20160803d2016 um y0rusy50 ca | ||
| 101 | 0 | _arus | |
| 102 | _aRU | ||
| 105 | _ay|||z|||000yy | ||
| 200 | 1 |
_aФирменное право России _fС. Ю. Филиппова |
|
| 210 |
_aМосква _cСтатут _d2016 |
||
| 215 |
_a270 с. _d20 |
||
| 320 | _aБиблиогр.: с. 244-249 | ||
| 606 | 1 |
_aФирмы _xПравовые вопросы _yРоссийская Федерация _92200464 _3RU\NLR\AUTH\661322320 |
|
| 606 | 1 |
_aПредпринимательство _xСубъекты _xИндивидуализация _yРоссийская Федерация _92413590 _3RU\NLR\AUTH\661437862 |
|
| 610 | 0 | _aфирменное наименование | |
| 675 | _a347.7 | ||
| 686 | 1 | _aХ623.012 | |
| 686 | 1 | _aХ623.43 | |
| 700 | 1 |
_8rus _7ca _aФилиппова _bС. Ю. _cд-р юрид. наук _f1975- _gСофья Юрьевна _3RU\NLR\AUTH\7757473 _940405 |
|
| 801 | 0 |
_aRU _bРГБ _c20160713 _gRCR |
|
| 942 | _cBOOK | ||
| 980 | _aNBR | ||